Encuesta sobre demanda de mano de obra y formación profesional en el mercado de trabajo. Informe final /
Guardado en:
| Autores Corporativos: | , , |
|---|---|
| Format: | Texto |
| Udgivet: |
San José :
MTSS. INA. ITCR
|
| Fag: | |
| Tags: |
Tilføj Tag
Ingen Tags, Vær først til at tagge denne postø!
|
MARC
| LEADER | 00000 a a2200000 04500 | ||
|---|---|---|---|
| 001 | 17107 | ||
| 003 | |||
| 040 | |||
| 020 | |a [sin ISBN] | ||
| 090 | |a 1002 CR8375e | ||
| 110 | |a Costa Rica. Ministerio de Trabajo y Seguridad Social | ||
| 245 | |a Encuesta sobre demanda de mano de obra y formación profesional en el mercado de trabajo. |b Informe final / |c Costa Rica. Ministerio de Trabajo y Seguridad Social | ||
| 260 | |a San José : |b MTSS. INA. ITCR | ||
| 300 | |a 74 p. | ||
| 650 | |a DEMANDA DE MANO DE OBRA | ||
| 650 | |a FORMACION PROFESIONAL | ||
| 710 | |a Instituto Nacional de Aprendizaje (Costa Rica) | ||
| 710 | |a Instituto Tecnológico de Costa Rica | ||
| 999 | |c 10917 |d 10917 | ||
